MDQL
is popping MORE tags! Check the
thread
!
Quizzes
Events
Quiz Creation
Community
Videos
Private Events
Remove Ads
Sign In
Join for FREE
Feedback
Dark Mode
Quiz Categories
Sports
Geography
Music
Movies
Television
Just For Fun
Miscellaneous
History
Literature
Language
Science
Gaming
Entertainment
Religion
Holiday
For Kids
Quiz Lab
Recent
Popular Today
Quiz Kudos Today
Editor Picks
Curator Picks
Quizzes by...
Day
Popularity
Type
Ratings
Length
Year
Community
Subscriptions
Recent Discussions
Orange Saloon
Badges
Playlists
Quests
Create
Leaderboards
Showdown
Live 5
Trivia Bingo
Activity
Puzzle Library
Sporcle Events
Private Events
Virtual Trivia
Globe League
Become a Host
Pub Owners
SporcleCon
Opinionation
Our Games
Videos
Blog
Mobile Apps
Partnerships
Remove Ads and Go Orange
Feedback
Movies
Disney
Marvel Cinematic Universe
Movie Resume
Movie Titles
Oscar
Actor
Actress
Director
Pixar
Role
Movie Quotes
Movie Characters
Box Office
Nominee
Best Picture
Star Wars
James Bond
Horror Movies
Movies
Disney
Marvel Cinematic Universe
Movie Resume
Movie Titles
Oscar
Actor
Actress
Director
Pixar
Role
Movie Quotes
Movie Characters
Box Office
Nominee
Best Picture
Star Wars
James Bond
Horror Movies
Random Quiz
Search Sporcle
×
Quiz Lab
Quiz Lab
Movies
Horror Movies
Type in answers that appear in a list
Type in answers that appear in a list
Classic
Best Score? Go Orange.
Number of horror films in series Stats
Do you know how many movies are in these horror series?
By
horribledayo
90s
25 Questions
553 Plays
553 Plays
553 Plays
Comments
Comments
Give Quiz Kudos
Give Quiz Kudos
-
- Ratings
hide this ad
More Info
Forced Order
Answers have to be entered in order
Answers have to be entered in order
Random Order
Randomize order of answers
Randomize order of answers
Replay
Link that replays current quiz
Next Quiz
Link to next quiz in quiz playlist
You Got
0%
They Got
Avg Score
52%
Avg Friend Score
Upgrade to see
Score Distribution
Jump to the score distribution portion of the page
Score
0/25
Timer
01:30
1
Play Today
Film series
Number of films
% Correct
Saw
7
64.6%
Scary Movie
5
64.6%
Scream
4
64.4%
Final Destination
5
62.4%
Friday the 13th
12
59.2%
Child's Play
6
58.8%
The Conjuring
4
58.8%
A Nightmare on Elm Street
9
58.3%
Halloween
10
57.5%
Leprechaun
7
56.1%
Sharknado
5
54.6%
Psycho
6
54.1%
Wrong Turn
6
53.7%
Film series
Number of films
% Correct
Anaconda
5
52.1%
Sleepaway Camp
5
51.7%
Hellraiser
9
50.3%
I Spit on Your Grave
5
49%
Resident Evil
6
48.6%
Tremors
5
48.3%
Children of the Corn
9
48.1%
Lake Placid
5
45.7%
Phantasm
5
45.6%
Pumpkinhead
4
44.5%
Puppet Master
11
38.5%
Amityville Horror
18
27.2%
Quiz Playlist
Details
Report
Send in Message
Add To Playlist
More Info:
No TV shows/ unreleased movies/ documentaries Includes spin offs and remakes If anything is wrong please let me know (yes, Psycho is correct btw)
Classic:
Type in answers that appear in a list
Forced Order:
Answers have to be entered in order
Random Order:
Randomize order of answers
Last Updated: Sep 5, 2017
Quiz Scoreboard
CHALLENGE
Sign Up to Join the Scoreboard
Show All
Scores
Hide
Comments
May contain spoilers
Recently Published
1-10 Letter E Words III
by El_Dandy
Language
2m
Street Fighter Characters
by Artimus82
Gaming
60s
College Basketball Coaching Resumes
by pancakes188
Sports
9m
More to Explore
Quiz From the Vault
Featured Blog Post
Where Did the Easter Bunny Come From?
hide this ad
You Might Also Like...
Tags
Halloween Quiz
Horror Movies Quiz
Popular Quiz
Friday the 13th
horror
Movie Sequels
remake
Saw
Saw Movie
Scary
Scary Movie
scream
Today's Top Quizzes in Movies
Browse Movies
hide this ad
Today's Top Quizzes in Horror Movies
Browse Horror Movies
Top Contributed Quizzes in Movies
1
Pick 5 Posters: Directed by Spielberg
2
7-to-1: Pixar Characters
3
Hidden Star Wars Character II
4
Pick 5 Posters: Lowest-Rated Spielberg
5
Hidden Star Wars Character III
6
Sorting Actors
7
Sorting Actresses
8
Hidden Star Wars Character IV
9
Pick 5 Posters: Directed by Scorsese
10
Hidden Star Wars Character V
Explore More
Trending Topics
Crossword
Kpop
Marvel
Harry Potter
Disney
NBA
Anime
Song
Country
The Office
Pokémon
Puzzle
Soccer
NFL
WWE
hide this ad
More By:
horribledayo
Quiz
Plays
Rating
Category
Featured
Created
Horror Movies by Badly Drawn Image
70,447
4.73
Movies
Dec 1, 2017
Video Games by Badly Drawn Image
9,806
4.11
Gaming
Feb 6, 2019
Disney Animated Movies by Badly Drawn Image
8,255
4.76
Movies
Aug 6, 2018
Horror Movies by Badly Drawn Image II
6,650
4.60
Movies
Aug 2, 2018
Horror Movies by Badly Drawn Image III
5,133
4.71
Movies
Aug 3, 2018
Go to Creator's Profile
Score Distribution
Quiz Creator Spotlight
horribledayo
Follow
Send a Message
Quizzes Created
-
Created Quiz Play Count
-
More By This Creator
Popular Quizzes Today
1
Find the US States - No Outlines Minefield
2
Find the Countries of Europe - No Outlines Minefield
3
The Countries of the World
4
Find the US States
5
Risky Map Clicking: Biggest States A-Z
6
US States
7
Popular People in 1961
8
Movies - When Are They Set?
More Movies Quizzes
Box Office Top 20 (1990s)
Published
Trending Quizzes
Risky Map Clicking: Least Populous States A-Z
Billboard Blitz: Aretha Franklin
Famous Russians: Author or Composer?
Countries of the World: 200 Million BC
1-10 Letter G Words
Recently Updated
Leaping Animals
pecheneg
Reality TV Shows (A-Z)
bhenderson79
Rickey Henderson's Hall of Fame Teammates
pecheneg
Champions League XIs: Arsenal
pecheneg
Quick Pick: Celebrities in WWE's Hall of Fame
aduchscher
A-Z Keypad Blitz II
pecheneg
Multiple Oscar Actors
pecheneg
Mystery Phrase Blitz: Oscar 'Best Actors'
pecheneg
F. Scott Fitzgerald Novels
LTH
Pick 3 Villains
ddd62291
Trending Topics
Harry Potter
Marvel
NBA
Kpop
Crossword
Disney
Anime
Puzzle
Pokémon
The Office
Soccer
WWE
NFL
Song
Country
Your Account Isn't Verified!
In order to create a playlist on Sporcle, you need to verify the email address you used during registration. Go to your
Sporcle Settings
to finish the process.
Report this User
Report this user for behavior that violates our
Community Guidelines
.
Details:
Send Report
Go to the Sporcle.com Mobile Site →
Comments